000 00747nam a22002177a 4500
003 UA-OsUOA
001 103507
007 ta
008 20131030b un ||||| |||| 00| 0 ukr d
100 _aСніжко Н.
090 _a81
_bС53
942 _cSA
040 _aUA-OsUOA
_bukr
_cUA-OsUOA
_dUA-OsUOA
245 _aСистемний підхід до вивчення динаміки складу української мови кінця ХVІІІ - початку ХХІ ст.
300 _aС.110-128
955 _a0
041 _aukr
080 _a81
773 0 _w103503
_tУкраїнська мова
_dК.
_d2013
_g3
650 7 _a8 Мовознавство. Художня література. Літературознавство
_2UDC
999 _c390515
_d390515